[Event "Stay Safe Play From Home 212"]
[Site "T#646677Emanuel Laske"]
[Date "2020.06.09"]
[Round "5"]
[White "Broken sword"]
[Black "Lazieri3"]
[Result "1-0"]
[WhiteElo "2420"]
[BlackElo "2035"]
[Annotator "TA"]
[PlyCount "117"]
[EventDate "2020.06.09"]
[EventType "swiss (blitz)"]

{[%evp 11,117,45,43,43,72,45,34,18,35,28,29,29,29,27,31,18,19,11,12,14,31,15,19,11,31,21,31,13,10,20,15,12,17,0,28,4,33,25,31,25,29,20,18,8,25,15,137,0,6,-245,24,-6,9,20,29,14,31,24,24,12,10,10,40,6,21,0,12,0,0,0,18,-14,0,4,6,0,0,-5,6,6,6,-70,0,-45,-34,-39,-32,-39,16,16,14,15,91,-21,-21,-23,-17,-17,-17,-17,-17,-17,-21,-8,-8,-258,0,-415]} 1. e4 c6 2. d4 d5 3. Nc3 dxe4 4. Nxe4 Nd7 5. Nf3 Ndf6 6. Ng3 Bg4 7. Be2 {B17: Caro-Kann: Modern Line (4...Nd7).} Nh5 8. Nxh5 Bxh5 {[#]} 9. c3 $146 {White is slightly better.} ({Predecessor:} 9. O-O e6 10. c4 Nf6 11. Be3 Bd6 12. h3 Qc7 13. Re1 O-O 14. Rc1 Rfd8 15. Qa4 {1-0 (76) Rantanen,V (1985)-Reuben,S (2074) Novi Sad 2017}) 9... Nf6 10. O-O e6 11. Ne5 Bxe2 12. Qxe2 Nd7 13. Nd3 Be7 14. Bf4 O-O 15. Rfe1 Nf6 16. Bg5 Nd5 17. Bd2 Bf6 18. Rad1 Qc7 19. Nc5 b6 20. Ne4 {White wants to play c4.} Be7 21. c4 Nf6 22. Ng3 Bd6 23. Bc3 Bxg3 24. hxg3 Rad8 25. b3 Rd7 26. Rd2 Rfd8 27. Red1 Qd6 28. Qf3 Qe7 (28... h6 $11) 29. Qf4 (29. Qxc6 $16 Ng4 30. Qb5) 29... Qd6 30. Qg5 $2 {[%mdl 8192] [#]} (30. Qe3 $11 {and White is okay.}) 30... Qe7 $2 ({Black should try} 30... Ne4 $19 31. Qe3 Nxd2 32. Rxd2 c5) 31. g4 h6 32. Qf4 Ne8 33. f3 Qf6 34. Qe3 Qg5 35. Kf2 (35. Qe5 {seems wilder.} Qe7 36. Qe4 Nd6 37. Qe1 Ne8 38. Qe5) 35... Qxe3+ 36. Kxe3 Nf6 37. g3 Ne8 38. Bb2 Kf8 39. Ba3+ Kg8 40. Bb4 Nd6 41. Kf2 Ne8 42. Bc3 Nf6 43. Kg2 Ne8 44. a3 Nf6 45. a4 Ne8 46. b4 ({Better is} 46. Re2 $11) 46... Nf6 (46... Nd6 $1 $15 47. c5 Nc4) 47. b5 cxb5 48. axb5 Rc8 49. d5 $1 exd5 (49... Nxd5 $15 50. cxd5 Rxc3) 50. Bxf6 $1 $11 gxf6 51. Rxd5 Rxd5 (51... Rdc7 $11) 52. Rxd5 (52. cxd5 $16 Kf8 53. d6) 52... Rxc4 $15 {[%mdl 4096] Endgame KR-KR} 53. Rd7 Rc5 54. Rxa7 Rxb5 55. Rb7 Rb2+ 56. Kh3 Kg7 57. f4 b5 58. g5 $2 {[#]} (58. f5 $11) 58... b4 $2 ({Don't play} 58... hxg5 59. Kg4 $19) (58... fxg5 $19 59. Kg4 Rb4) 59. f5 $2 {[%mdl 40960] Accuracy: White = 71%, Black = 70%. . Loss on time!?} (59. gxh6+ $11 Kxh6 60. Rxf7) 1-0

[Event "Stay Safe Play From Home 212"]
[Site "T#646677Emanuel Laske"]
[Date "2020.06.09"]
[Round "5"]
[White "SoulofWolf"]
[Black "Castlingarrocco"]
[Result "0-1"]
[WhiteElo "2190"]
[BlackElo "2015"]
[Annotator "TA"]
[PlyCount "90"]
[EventDate "2020.06.09"]
[EventType "swiss (blitz)"]

{[%evp 9,90,26,46,8,3,-40,54,18,31,30,32,-35,0,-41,-67,-616,-583,-721,-418,-511,-509,-507,-507,-550,-504,-650,-399,-391,-390,-425,-312,-395,-334,-320,-314,-408,-386,-395,-393,-395,-398,-589,-344,-365,-327,-330,-326,-449,-447,-865,-340,-347,-316,-459,-322,-756,-66,-908,-364,-270,441,389,420,372,330,55,164,46,99,116,123,-461,-450,-1109,-13,-410,648,588,911,342,399,-50,-38]} 1. c4 Nc6 2. Nc3 e5 3. e3 g6 4. d4 exd4 5. exd4 Bg7 6. Be3 {A25: English Opening vs King's Indian with ...Nc6 but without early d3.} d6 {[#]} 7. f3 $146 ({Predecessor:} 7. Nf3 Nge7 8. Be2 O-O 9. h3 Nf5 10. O-O Re8 11. Nd5 Nxe3 12. Nxe3 Qf6 13. Nd5 {½-½ (57) Tokes,J (1923)-Hajdu,I (2077) Hungary 2008}) 7... f5 (7... Nge7 $15) 8. Be2 {White is slightly better.} Nf6 9. Nh3 O-O 10. Nf2 (10. Qd2 $14) 10... Bd7 11. g3 Qe7 $36 {[%mdl 2048] White is under pressure.} 12. O-O $2 {[%mdl 8192]} (12. Qd2 $15) 12... Qxe3 $19 13. Re1 Qe7 14. Bd3 Qf7 15. d5 Ne5 16. Bf1 a6 17. h3 Qe7 18. f4 Rae8 19. Bg2 h6 20. a3 Qf7 21. fxe5 dxe5 ({Much less strong is} 21... Rxe5 22. Qf3 $19) 22. b4 e4 23. Ne2 g5 {And now ...f4! would win.} 24. Rc1 Nh5 25. Kh2 (25. Rf1 $142 Qg6 26. Qc2) 25... e3 26. Nd3 f4 27. gxf4 Nxf4 28. Nexf4 gxf4 29. Rf1 (29. Qf3 $142) 29... Be5 $2 (29... e2 30. Qd2 exf1=B 31. Rxf1 Qh5) 30. Rf3 Qg6 31. Rc2 (31. Qe2 $142) 31... Bf6 32. Nxf4 $2 (32. Re2) 32... Qg7 $2 (32... Be5 $19 33. Kh1 Bxf4) 33. Bf1 $2 {[%mdl 8192]} (33. Ne6 $15 Bxe6 34. dxe6) 33... Be5 (33... Ba4 $142 34. Rg3 Bg5) 34. Rg2 Rf6 $4 {[%mdl 8192]} (34... Bxf4+ $19 {and life is good for Black.} 35. Rxf4 Qxg2+ $1 {[%mdl 512]} 36. Kxg2 Rxf4) 35. Rxg7+ $18 Kxg7 36. Kh1 {aiming for Nh5+.} Bxf4 37. Qe2 $2 (37. Qd4 $18 Bg5 38. Be2) 37... Ref8 (37... Re4 $14) 38. Bg2 ({Better is} 38. Qb2 $18 {Threatens to win with Rxf4.} Kg8 39. Be2) 38... Bg5 ({Black should try} 38... Re8 $1 $14) 39. Rxf6 $16 Rxf6 40. Be4 $2 {[%mdl 8192]} (40. Qb2 $16 {stays on course.}) 40... Rf2 $19 41. Qd3 {[#]} (41. Qe1 $142 Bxh3 42. Kg1) 41... Bxh3 $2 (41... e2 $1 $19 {[%cal Re2e1]} 42. Qc3+ Kf7) 42. d6 $2 {[%mdl 8192]} (42. Qd4+ $1 $11 {and White stays safe.} Kf7 43. Bd3) 42... Rf1+ $4 {[%mdl 8192]} (42... e2 $19 43. Qc3+ Kf7 44. dxc7 Bg4 45. Bd5+ Kg6 46. Be4+ Kh5) 43. Kh2 $18 Bd7 {...Rf2+ is the strong threat.} 44. Qd4+ $2 (44. Qxf1 {Bd5 would kill now.} cxd6 45. Bxb7) 44... Kf7 45. Bd3 $2 (45. Bd5+ $18 Kg6 46. Qd3+ {[%mdl 64] Double Attack} (46. dxc7 Bf4+ 47. Kg2 Rf2+ 48. Kg1 Bh3 $16) 46... Rf5 47. dxc7 Bf4+ 48. Kg1) 45... Bf4+ {[%mdl 64] Double Attack. Accuracy: White = 14%, Black = 28%.} 0-1

[Event "Stay Safe Play From Home 212"]
[Site "T#646677Emanuel Laske"]
[Date "2020.06.09"]
[Round "5"]
[White "Emresenar"]
[Black "little champs"]
[Result "0-1"]
[WhiteElo "1847"]
[BlackElo "2277"]
[Annotator "TA"]
[PlyCount "84"]
[EventDate "2020.06.09"]
[EventType "swiss (blitz)"]

{[%evp 20,84,0,-3,0,-17,14,0,6,-13,13,-95,-96,-99,-95,-97,-82,-96,18,-60,0,-208,72,75,69,62,72,78,77,67,59,64,128,110,110,101,105,110,104,12,12,12,17,11,7,0,7,0,0,0,6,0,35,20,45,-307,25,11,18,0,-3,-508,-443,-29977,-581,-541,-473]} 1. e4 e6 2. Nf3 d5 3. exd5 exd5 4. d4 Nf6 5. Bd3 Be7 6. O-O O-O 7. h3 c5 8. Bg5 cxd4 9. Nxd4 Nc6 10. Nxc6 bxc6 11. Nc3 {[#]} Be6 $146 {C45: Scotch Game.} ({Predecessor:} 11... h6 12. Bh4 Nd7 13. Bxe7 Qxe7 14. Bf5 Qf6 15. Bxd7 Bxd7 16. Na4 Qg6 17. Kh1 Bxh3 18. Qf3 Bf5 19. c3 {0-1 (27) Matovic,R-Sorgic,D (2285) Arandjelovac 1991}) 12. Ne2 Rb8 13. Rb1 h6 {The position is equal.} 14. Bh4 c5 {aiming for ...c4.} 15. Nc3 (15. Nf4 $11) 15... c4 $17 16. Be2 d4 17. Na4 Qd7 18. b3 c3 (18... Rfc8 $17 19. Re1 Bb4 20. Bxf6 Bxe1 21. Bxd4 Bb4) 19. Bg3 (19. Bxf6 $11 Bxf6 20. Nc5) 19... Rbc8 (19... Rbd8 $15) 20. Bf3 $2 (20. Be5 $11) 20... Bd5 $2 ({Black should play} 20... Bf5 $19 {And now ...d3 would win.} 21. Ra1 Ba3) 21. Qxd4 $16 Bxf3 22. Qxd7 Nxd7 23. gxf3 Bf6 24. Bd6 Rfe8 25. Rfe1 Be5 (25... Red8 $1 $14) 26. Rbd1 Bxd6 27. Rxe8+ Rxe8 28. Rxd6 {[%mdl 4096] Endgame KRN-KRN} Ne5 29. Nxc3 (29. Kg2 $16) 29... Nxf3+ $11 30. Kg2 Ne1+ 31. Kf1 Nxc2 32. Ne2 Nb4 33. Rd2 Nc6 34. a3 Ne5 35. b4 Nf3 36. Rd3 Ng5 37. Kg2 $2 {[%mdl 8192]} (37. Rd7 $14) 37... f5 $2 (37... Rxe2 $19 38. h4 Ne6) 38. Nf4 Re4 39. Ng6 Kf7 40. Nh4 $2 {[%mdl 8192]} (40. Rd6 $11) 40... Rxh4 $19 41. Kg3 {[#]} (41. Rd7+ $19 Kf6 42. Rxa7) 41... Rc4 (41... Rxh3+ $142 42. Kg2 Rxd3 43. b5 Rxa3 44. Kf1 Ne4 45. Kg2 {[#]} Ra2 $1 {[%mdl 512]} 46. Kf3 Rxf2+ 47. Ke3 h5 48. b6 axb6 49. Kd4 h4 50. Kc4 h3 51. Kb3 h2 52. Kc4 h1=Q 53. Kb5 Rb2+ 54. Kc4 Qc1+ 55. Kd4 Qd2+ 56. Ke5 Rb5#) 42. Kg2 f4 {Accuracy: White = 57%, Black = 48%.} 0-1

[Event "Stay Safe Play From Home 212"]
[Site "T#646677Emanuel Laske"]
[Date "2020.06.09"]
[Round "5"]
[White "Edmatuag"]
[Black "Klasman"]
[Result "1-0"]
[WhiteElo "1724"]
[BlackElo "1426"]
[Annotator "NA RC"]
[PlyCount "51"]
[EventDate "2020.06.09"]
[EventType "swiss (blitz)"]

1. e3 {[%emt 0:00:02]} f5 {[%emt 0:00:02]} 2. d4 {[%emt 0:00:01]} Nf6 {[%emt 0:00:01]} 3. Bd3 {[%emt 0:00:01]} e6 {[%emt 0:00:01]} 4. c4 {[%emt 0:00:01]} c5 {[%emt 0:00:01]} 5. Nc3 {[%emt 0:00:01]} cxd4 {[%emt 0:00:02]} 6. exd4 {[%emt 0:00:01]} Bb4 {[%emt 0:00:02]} 7. Nge2 {[%emt 0:00:02]} O-O {[%emt 0:00:02]} 8. O-O {[%emt 0:00:01]} Nc6 {[%emt 0:00:03]} 9. Be3 {[%emt 0:00:02]} d5 {[%emt 0:00:04]} 10. c5 {[%emt 0:00:03]} Ng4 {[%emt 0:00:04]} 11. Bf4 {[%emt 0:00:02]} g5 {[%emt 0:00:03]} 12. Bd6 {[%emt 0:00:05]} Rf6 {[%emt 0:00:06]} 13. h3 {[%emt 0:00:01]} Nh6 {[%emt 0:00:04]} 14. Ng3 {[%emt 0:00:02]} g4 {[%emt 0:00:02]} 15. Nh5 {[%emt 0:00:02]} Rg6 {[%emt 0:00:03]} 16. Nf4 {[%emt 0:00:01]} Rg5 {[%emt 0:00:04]} 17. h4 {[%emt 0:00:02]} Rg7 {[%emt 0:00:02]} 18. g3 {[%emt 0:00:03]} Nf7 {[%emt 0:00:03]} 19. Be5 {[%emt 0:00:13]} Ncxe5 {[%emt 0:00:02]} 20. dxe5 {[%emt 0:00:01]} Bxc3 {[%emt 0:00:01]} 21. bxc3 {[%emt 0:00:02]} Nxe5 {[%emt 0:00:01]} 22. Re1 {[%emt 0:00:01]} Nf3+ {[%emt 0:00:01]} 23. Kg2 {[%emt 0:00:02]} Nxe1+ {[%emt 0:00:01]} 24. Qxe1 {[%emt 0:00:00]} Bd7 {[%emt 0:00:01]} 25. Qe5 {[%emt 0:00:01]} Qb8 {[%emt 0:00:03]} 26. Re1 {[%emt 0:00:04] Time ' (Lag: Av=0.51s, max=0.6s)} 1-0

[Event "Stay Safe Play From Home 212"]
[Site "T#646677Emanuel Laske"]
[Date "2020.06.09"]
[Round "5"]
[White "Trotsky"]
[Black "Lamborghini"]
[Result "0-1"]
[WhiteElo "1579"]
[BlackElo "2142"]
[Annotator "TA"]
[PlyCount "38"]
[EventDate "2020.06.09"]
[EventType "swiss (blitz)"]

{[%evp 9,37,4,23,-71,-63,-84,-82,-332,-335,-365,-362,-360,-351,-352,-354,-351,-289,-485,-491,-578,-568,-630,-556,-29988,-5922,-29999,-1144,-977,-216,-29999]} 1. d4 d5 2. e3 c6 3. c4 Nf6 4. Nc3 g6 5. Qc2 Bg7 6. c5 {D10: Slav Defence: 3 cxd5 (without early Nf3) and 3 Nc3.} (6. Nf3 $11 {keeps the balance.}) 6... O-O $17 7. Bd3 {[#]} e5 $146 {[%mdl 512]} ({Predecessor:} 7... Nbd7 8. Nf3 Re8 9. Ne5 Nxe5 10. dxe5 Nd7 11. e6 Nxc5 12. exf7+ Kxf7 13. Be2 Bf5 {0-1 (43) Ziegler,R (1500)-Zakovicova,S (1489) Brezova pod Bradlom 2010}) 8. Nf3 $2 (8. Qa4 $17 {might work better.}) (8. dxe5 Nfd7) 8... e4 $19 9. Bxe4 dxe4 ({Don't play} 9... Nxe4 10. Nxe4 Bf5 11. Nfd2 $19) 10. Nxe4 Nxe4 11. Qxe4 Bf5 12. Qf4 Nd7 13. e4 $2 {[#]} (13. O-O {keeps fighting.}) 13... Bxe4 $1 {[%mdl 512]} 14. Qxe4 Re8 15. Ne5 Nxe5 16. Qc2 Nf3+ (16... Nd3+ $142 17. Kd2 Qxd4 18. Qxd3 Qxf2+ 19. Kd1 {[#]} Rad8 $1 {[%mdl 512]} 20. Qd2 Rxd2+ 21. Bxd2 Rd8 $1 {[%mdl 512]} 22. Kc2 Rxd2+ 23. Kb3 Rxb2+ 24. Ka4 Qf4+ 25. Ka5 Bc3#) 17. Kf1 Nxd4 (17... Re1# $142) 18. Qd3 Nf3 $2 (18... Qh4 19. h3 Rad8) 19. Be3 $2 (19. Qxf3 $19 Qa5 20. g3) 19... Qxd3# {White got outplayed after the opening. Accuracy: White = 15%, Black = 64%.} 0-1

[Event "Stay Safe Play From Home 212"]
[Site "T#646677Emanuel Laske"]
[Date "2020.06.09"]
[Round "5"]
[White "Elkje"]
[Black "Haxhi Baha"]
[Result "1-0"]
[WhiteElo "1531"]
[BlackElo "1950"]
[Annotator "TA"]
[PlyCount "41"]
[EventDate "2020.06.09"]
[EventType "swiss (blitz)"]

{[%evp 12,40,6,15,2,12,26,21,58,13,-6,12,20,7,27,0,477,462,594,443,967,862,859,835,1812,1809,29997,29998,29998,29999,29999]} 1. d4 d5 2. e3 e6 3. Bd3 c5 4. c3 Nc6 5. f4 Nf6 6. Nd2 cxd4 7. exd4 Bd6 {D00: 1 d4 d5: Unusual lines.} 8. g3 h5 9. Ngf3 h4 {[#] The position is equal.} 10. O-O $146 ({Predecessor:} 10. Nxh4 Bxf4 11. Ndf3 Bd6 12. O-O Qc7 13. Ne5 Nxe5 14. dxe5 Bxe5 15. Bb5+ Bd7 16. Bxd7+ Qxd7 {0-1 (22) Astudillo Cuevas,A-Luna Javier,E (1946) Mexico City 2014}) 10... hxg3 11. hxg3 Ng4 12. Qe2 Qe7 13. Ng5 Rh2 $2 {[%mdl 8192] [#]} (13... e5 $11) 14. Qxg4 $18 e5 15. f5 e4 (15... Rh8 $142 16. Ngf3 Kf8 17. dxe5 Nxe5 18. Nxe5 Qxe5) 16. Kxh2 exd3 17. Ndf3 Kf8 18. Re1 Qc7 19. Nh7+ {White mates.} Kg8 20. Nf6+ {[%mdl 64] [#] Double Attack} Kf8 21. Re8# 1-0

[Event "Stay Safe Play From Home 212"]
[Site "T#646677Emanuel Laske"]
[Date "2020.06.09"]
[Round "6"]
[White "XShot"]
[Black "Broken sword"]
[Result "0-1"]
[WhiteElo "2505"]
[BlackElo "2423"]
[Annotator "TA"]
[PlyCount "108"]
[EventDate "2020.06.09"]
[EventType "swiss (blitz)"]

{[%evp 9,108,6,21,16,16,11,13,-20,-25,-22,-20,-29,-14,-25,-16,-17,26,-18,0,-12,-4,-53,-22,-70,-61,-67,-63,-73,-52,-73,-73,-81,-72,-135,-62,-82,-46,-190,-195,-178,-152,-143,-83,-166,-159,-136,-97,-97,-99,-95,-79,-150,-156,-152,-45,-42,-10,-511,-11,-18,-20,-143,-102,-206,-143,-143,-143,-143,-143,-143,-143,-143,-82,-143,-143,-143,-143,-143,-143,-143,-143,-193,-193,-193,-193,-226,-177,-7104,-5695,-7818,-6650,-5616,-4702,-29985,-1818,-29988,-29988,-29987,-29988,-29988,-665]} 1. d4 d5 2. Nf3 c6 3. Bg5 Nf6 4. Bxf6 gxf6 5. Nbd2 Bf5 6. e3 {D03: 1 d4 d5 2 Nf3 Nf6 3 Bg5, including Torre Attack with early ...d5.} e6 {[#]} 7. Bd3 $146 {next Bxf5 is good for White.} ({Predecessor:} 7. c4 Qb6 8. Qc1 Nd7 9. Be2 Be7 10. O-O O-O 11. a3 a5 12. Qc3 Bg6 13. Rfc1 {1-0 (29) Miles,A (2615)-Janocha,W (2395) Cappelle-la-Grande 1995}) 7... Bg6 8. h4 {The position is equal.} Nd7 9. h5 Bxd3 10. cxd3 Bh6 11. g3 Qb6 12. Qb3 e5 13. dxe5 fxe5 14. Qxb6 axb6 15. Ke2 Ke7 16. d4 e4 17. Nh4 {Threatens to win with Nf5+.} Ke6 18. a3 f5 19. Nb3 b5 20. Rag1 Rhg8 21. Rg2 (21. Ng2 $142) 21... Rg4 (21... Ra4 $1 $17 22. Ra1 b4) 22. Rgh2 Rag8 (22... Ra4 {feels hotter.} 23. Kd2 Rg8 24. Ra1 Bf8 25. Rhh1 Bd6) 23. Nc5+ (23. Ra1 $15) 23... Nxc5 $19 24. dxc5 R4g5 25. Ng2 R5g7 (25... Bg7 $142 26. Rb1 d4) 26. Rh4 (26. Ne1 $17) 26... Ra8 27. Nf4+ Bxf4 28. Rxf4 $17 {[%mdl 4096] Endgame KRR-KRR} Rg5 29. h6 Ra4 30. Rhh4 ({Better is} 30. Rg1) 30... Rc4 31. Kd2 Rxc5 (31... b4 $17 {Strongly threatening ...b3.} 32. b3 Rc3 33. axb4 Rxb3) 32. g4 $15 Kf6 (32... b4 $5 33. axb4 Rc4 $15) 33. gxf5 $2 {[%mdl 8192]} (33. b3 $11) 33... Rxf5 $2 ({Black should try} 33... Rg1 $19 34. f3 Rg2+ 35. Kd1 exf3 36. Rxf3 Rxb2) 34. Rxf5+ $11 Kxf5 {KR-KR} 35. Rf4+ (35. b3 $11) 35... Kg6 36. Rf8 (36. Rh4 $17) 36... Kxh6 37. Rb8 Kg6 38. Rxb7 h5 39. Rb8 Kg5 40. Rg8+ Kh4 (40... Kf5 $142 41. b3 b4 $1 {[%mdl 512]} 42. axb4 Rb5) 41. Rg6 {[#]} (41. Rg3 $142) 41... Kh3 $1 $17 42. Rg5 h4 43. Rg6 Kh2 44. Rg4 h3 45. Rg6 Kh1 46. Rg3 h2 {aiming for ...b4!} 47. Rg6 b4 {[%cal Bb5b4,Bb4b3][%mdl 32]} 48. a4 $2 (48. axb4 Rc4 49. Ke2) 48... b3 $19 49. Kd1 Rc2 {[%mdl 64] Double Attack} 50. a5 Rxb2 51. a6 Ra2 (51... Rb1+ $142 52. Ke2 b2 53. Kd2 Ra1 54. Kc3 b1=Q 55. Kd4 Qb2+ 56. Kc5 Qb8 57. Kxc6 Rxa6+ 58. Kc5 Rxg6 59. Kxd5 Rg5+ 60. Kc6 Qb2 61. Kd7 Qf6 62. Ke8 Rd5 63. f4 Rd8#) 52. Rxc6 Kg2 {[%cal Rh2h1] Black mates.} 53. Rg6+ Kxf2 54. Rh6 Ra1+ {Accuracy: White = 50%, Black = 55%.} 0-1

[Event "Stay Safe Play From Home 212"]
[Site "T#646677Emanuel Laske"]
[Date "2020.06.09"]
[Round "6"]
[White "SoulofWolf"]
[Black "Trotsky"]
[Result "1-0"]
[WhiteElo "2165"]
[BlackElo "1578"]
[Annotator "TA"]
[PlyCount "87"]
[EventDate "2020.06.09"]
[EventType "swiss (blitz)"]

{[%evp 9,87,-3,2,-83,19,0,30,31,49,4,217,210,216,218,256,240,250,247,373,349,346,273,253,38,46,0,3,0,226,6,11,2,426,407,447,445,395,316,329,335,452,447,620,276,1207,1219,1253,1236,29994,29994,29995,29996,29997,29995,29995,29995,29997,29994,29994,29994,29994,29994,29995,29994,29995,29995,29996,29994,29994,29994,29997,29995,29997,29995,29996,29995,29996,29997,29997,2689]} 1. d4 d5 2. Nf3 e6 3. Bg5 f6 4. Bh4 c5 5. c3 Nc6 6. Nbd2 {D02: 1 d4 d5 2 Nf3 sidelines, including 2...Nf6 3 g3 and 2...Nf6 3 Bf4.} (6. e3 $11 {remains equal.}) 6... c4 (6... Qb6 $17 7. Rb1 cxd4 8. cxd4 Nxd4 9. Nxd4 Qxd4) 7. e3 {[#]} g5 $146 ({Predecessor:} 7... Nge7 8. e4 Ng6 9. Bg3 Bd6 10. Qc2 Bxg3 11. hxg3 Qe7 12. O-O-O f5 13. exd5 exd5 {1-0 (31) Pomar Mir,F (1777)-Bujosa Mas,M (1423) Campos 2016}) 8. Bg3 $1 {White has an edge.} h5 {[#] And now ...h4 would win.} 9. h4 Bd6 $2 (9... g4 $11 10. Ng1 b5) 10. Bxd6 $18 Qxd6 11. hxg5 Bd7 12. b3 O-O-O 13. bxc4 e5 (13... fxg5 $142 14. Nxg5 Qe7) 14. Rb1 e4 15. Nh4 fxg5 16. c5 $2 (16. cxd5 $18 Qxd5 17. Bc4) 16... Qc7 $14 17. Ng6 $40 {[%mdl 128] White attacks.} Rh6 18. Ne5 Nf6 $2 (18... Nxe5 $11 {and Black has nothing to worry.} 19. dxe5 Qxe5) 19. Qb3 $2 (19. Nxd7 $18 Rxd7 20. c4) 19... Nxe5 $11 20. dxe5 Bc6 $2 {[%mdl 8192] White now steadily converts the win.} (20... Ng4 $11 {and Black is okay.}) 21. exf6 $18 Rxf6 22. Rxh5 Rdf8 23. f3 exf3 24. gxf3 Qg3+ 25. Kd1 g4 26. f4 (26. Bb5 $142 Bxb5 27. Qxb5) 26... d4 $2 (26... Qxe3 27. Ba6 Qe7) 27. cxd4 Rxf4 28. exf4 Rxf4 29. Qxg3 {White mates.} Bf3+ 30. Nxf3 Rxf3 {[#]} 31. Qxf3 $3 gxf3 32. d5 Kd7 33. Bh3+ Ke7 34. Rxb7+ Kf6 35. Rxa7 f2 36. Bf1 Kg6 37. Rhh7 Kg5 38. Rhb7 Kf4 39. a4 Kf3 40. c6 Ke3 41. Re7+ Kd4 42. d6 Kc5 43. d7 Kxc6 44. d8=Q {Accuracy: White = 42%, Black = 33%.} 1-0

[Event "Stay Safe Play From Home 212"]
[Site "T#646677Emanuel Laske"]
[Date "2020.06.09"]
[Round "6"]
[White "Lamborghini"]
[Black "Edmatuag"]
[Result "1-0"]
[WhiteElo "2144"]
[BlackElo "1729"]
[Annotator "TA"]
[PlyCount "51"]
[EventDate "2020.06.09"]
[EventType "swiss (blitz)"]

{[%evp 9,50,227,288,213,302,181,247,243,293,287,282,266,265,245,252,248,249,247,261,258,256,247,263,264,685,277,297,297,309,312,316,281,339,333,478,448,29989,29990,29993,29992,29996,29997,29999]} 1. e4 c5 2. Nf3 d6 3. d4 c4 4. Bxc4 {[#]} Nc6 $146 ({Predecessor:} 4... e6 5. O-O Be7 6. Nc3 Nf6 7. e5 dxe5 8. dxe5 Nfd7 9. Ne4 Qc7 10. Bb5 O-O 11. Bf4 {1-0 (19) Zarges,R (2184)-Dedrick,R ICCF email 2011}) 5. Nc3 e6 6. O-O {B53: Sicilian: 2...d6: Lines with Qxd4.} Bd7 (6... Nf6 $142 7. Bf4 Be7) 7. Bb3 (7. d5 $142) 7... Be7 (7... Na5 $142 8. Be3 Be7) 8. d5 $18 {White is clearly better.} Ne5 9. Nxe5 dxe5 10. dxe6 Bxe6 11. Bxe6 Qxd1 {[#]} 12. Bxf7+ $1 {[%mdl 512]} Kxf7 13. Rxd1 Nf6 14. Bg5 Rhd8 15. Bxf6 gxf6 16. Nd5 Kg7 $2 {[#]} (16... b5 17. Rd3 Rac8) 17. Rd3 (17. Nxe7 $142 Kf7 18. Nd5) 17... Bc5 18. Rad1 Rac8 19. c3 a5 20. Kf1 Ba7 21. a4 b6 (21... Bc5 {was necessary.} 22. Rg3+ Kf7) 22. Ne7 Rc7 (22... Rxd3 $18 23. Rxd3 Rc7 24. Rg3+ Kf7) 23. Nf5+ {White mates.} Kg6 24. Rxd8 Rc4 25. Rg8+ Kh5 26. g4# {Accuracy: White = 61%, Black = 30%.} 1-0

[Event "Stay Safe Play From Home 212"]
[Site "T#646677Emanuel Laske"]
[Date "2020.06.09"]
[Round "6"]
[White "Castlingarrocco"]
[Black "little champs"]
[Result "0-1"]
[WhiteElo "2040"]
[BlackElo "2280"]
[Annotator "TA"]
[PlyCount "60"]
[EventDate "2020.06.09"]
[EventType "swiss (blitz)"]

{[%evp 9,59,3,7,0,51,48,58,58,50,34,68,72,118,77,83,87,87,93,93,-25,-30,-44,-28,-295,-287,-274,-226,-1162,-739,-1108,-966,-966,-286,-2133,-940,-772,-270,-272,-231,-1187,-671,-1214,-1109,-29984,-1897,-29988,-29989,-29989,-29990,-29997,-29998,-29999]} 1. Nc3 c6 2. g3 d5 3. Bg2 Nf6 4. d3 g6 5. f4 Bg7 6. e4 {A00: Irregular Openings.} O-O ({Better is} 6... dxe4 $11 7. dxe4 Qxd1+ 8. Nxd1 e5) 7. e5 $1 $14 {[%cal Re5f6]} Ne8 8. d4 {[#] White is slightly better.} f6 $146 ({Predecessor:} 8... Nc7 9. Nf3 c5 10. dxc5 Nc6 11. Be3 Bf5 12. Nd4 Nxd4 13. Bxd4 Rc8 14. b4 g5 {0-1 (40) Reck,M (2149)-Grimberg,B (2366) playchess.com INT 2009}) 9. Qe2 fxe5 10. dxe5 Bf5 11. Nd1 Na6 12. Ne3 Be6 13. Nf3 Nc5 14. Nd2 (14. O-O $16) 14... d4 $11 15. Nef1 d3 16. cxd3 $2 {[%mdl 8192] This costs White the game.} (16. Qe3 $11 {and White stays safe.} Qb6 17. c3) 16... Nxd3+ $19 17. Kd1 Bxe5 18. fxe5 $2 (18. Kc2 Bf5 19. Be4 Nb4+ 20. Kb1) 18... Rf2 19. Qe3 Bg4+ 20. Kc2 Nb4+ $2 (20... Rxg2 21. Qxd3 Bf5 $1 {[%mdl 512]} 22. Qxf5 gxf5) 21. Kb3 $2 {[#]} (21. Kb1 Rxg2 22. Qb3+ Qd5 23. Ne3) 21... Be6+ (21... Qa5 $142 $3 {[%mdl 512]} 22. Bf3 Be6+ 23. Kc3 Nd5+ {[%mdl 64] Double Attack, Discovered Attack (Double check)} 24. Kc2 Nxe3+ {[%mdl 64] Discovered Attack} 25. Nxe3 Qc5+ {[%mdl 64] Double Attack} 26. Kb1 Qxe3 {[%mdl 64] Double Attack} 27. Be4 Rd8 28. Bc2 Rdxd2 29. a4 Qf3 30. Bxd2 Qxh1+ {[%mdl 64] Double Attack} 31. Bc1 Rf1 $1 {[%mdl 512]} 32. b4 Qd5 33. Ra3 Qd2 $1 {[%mdl 576] Double Attack} 34. Kb2 Qxc1+ 35. Kc3 Rf3+ 36. Kd4 Qg1+ {[%mdl 64] Double Attack} 37. Ke4 Bd5#) 22. Kxb4 a5+ $2 (22... Rxg2 23. a4 Qd5) 23. Kc3 Rxg2 24. Nc4 $2 ({Not} 24. Rg1 $2 Bf5 $19) (24. Kc2 Qd5 25. g4) 24... Qd5 {[%csl Ge6][%cal Rd5c4]} 25. Qd3 Qb5 {( -> ...Qb4+)} 26. a3 {[#]} Nc7 (26... Rd8 $142 $1 {[%mdl 512]} 27. Qe4 {[#]} (27. Qxd8 Qxc4#) 27... Bf5 $1 {[%mdl 512]} 28. Qxf5 gxf5 29. Nfe3 a4 $1 {[%mdl 512]} 30. b4 Nc7 $1 {[%mdl 512]} 31. Rd1 Nd5+ 32. Rxd5 cxd5 33. Nxg2 dxc4 34. Bf4 Qd5 35. Ne1 Qd4+ 36. Kc2 Qxa1 {[%mdl 64] Double Attack} 37. Bh6 Qa2+ 38. Kc1 Qxa3+ {[%mdl 64] Double Attack} 39. Kc2 Qb3+ 40. Kc1 Rd1#) 27. Nfe3 Nd5+ {Black mates.} 28. Nxd5 cxd5 29. Ne3 Rc8+ 30. Kd4 Qc5# {Accuracy: White = 33%, Black = 39%.} 0-1